Country Flags with Stars, Suns or Sunbursts - Statistics

General Stats
  • This quiz has been taken 2,053 times
    88 since last reset
  • The average score is 67 of 82
Answer Stats
Picture Answer % Correct
Ethiopia
95%
Moldova
93%
Algeria
89%
Panama
89%
Syria
89%
Argentina
88%
Ecuador
88%
Kosovo
88%
Nepal
88%
Somalia
88%
Bosnia & Herzegovina
87%
Brazil
87%
Croatia
87%
New Zealand
87%
Slovenia
87%
Turkey
87%
United States
87%
China
86%
Grenada
86%
Liberia
86%
Malaysia
86%
Morocco
86%
Uruguay
86%
Angola
84%
Antigua and Barbuda
84%
Australia
84%
Chile
84%
Comoros
84%
Israel
84%
Kiribati
84%
Pakistan
84%
Philippines
84%
Singapore
84%
Venezuela
84%
Vietnam
84%
Kazakhstan
83%
Mozambique
83%
North Macedonia
83%
Tunisia
83%
Uzbekistan
83%
Zimbabwe
83%
Azerbaijan
82%
Ghana
82%
Honduras
82%
Malawi
82%
North Korea
82%
Papua New Guinea
82%
Taiwan
82%
Dominica
81%
Jordan
81%
Kyrgyzstan
81%
Libya
81%
Myanmar
81%
Nauru
81%
Samoa
81%
D.R. Congo
80%
Rwanda
80%
Turkmenistan
80%
Central African Republic
78%
Cuba
78%
Marshall Islands
78%
Cape Verde
77%
Equatorial Guinea
77%
Tajikistan
77%
Burkina Faso
76%
Burundi
76%
Djibouti
76%
Mauritania
76%
Senegal
76%
F.S. of Micronesia
75%
Suriname
75%
Togo
75%
East Timor
73%
Guinea-Bissau
73%
Paraguay
73%
Sao Tome & Principe
73%
St. Kitts & Nevis
73%
Cameroon
72%
Namibia
72%
Tuvalu
72%
Solomon Islands
71%
South Sudan
70%
No matching quizzes found
Score Distribution
Percent of People with Each Score
Percentile by Number Answered
Your Score History
You have not taken this quiz since the last reset